[Event "88th Hastings Masters"]
[Site "Hastings ENG"]
[Date "2013.01.04"]
[Round "8.29"]
[White "Cafferty,B"]
[Black "Taylor,Adam C"]
[Result "1/2-1/2"]
[WhiteElo "2105"]
[BlackElo "1950"]

1.Nf3 g6 2.d4 Bg7 3.c4 Nf6 4.Nc3 O-O 5.e4 d6 6.Be2 e5 7.O-O Nc6 8.d5 Ne7
9.b4 a5 10.Ba3 Nd7 11.Ne1 f5 12.Nd3 c6 13.dxc6 bxc6 14.b5 fxe4 15.Nb2 e3
16.Bf3 exf2+ 17.Rxf2 Nc5 18.Bxc5 dxc5 19.Rd2 Qc7 20.bxc6 e4 21.Nxe4 Nxc6
22.Nxc5 Rb8 23.Nba4 Rxf3 24.gxf3  1/2-1/2

[Event "88th Hastings Masters"]
[Site "Hastings ENG"]
[Date "2013.01.04"]
[Round "8.24"]
[White "Ramstad,Havard"]
[Black "Ledger,D"]
[Result "0-1"]
[WhiteElo "2071"]
[BlackElo "2266"]

1.d4 Nf6 2.c4 g6 3.Nc3 Bg7 4.e4 d6 5.Nf3 O-O 6.Be2 e5 7.O-O Nc6 8.d5 Ne7
9.b4 Nh5 10.Re1 f5 11.Ng5 Nf4 12.Bxf4 exf4 13.Rc1 fxe4 14.Ncxe4 Nf5 15.Ne6 Bxe6
16.dxe6 Nd4 17.Bg4 Be5 18.f3 h5 19.Bh3 g5 20.Nc5 g4 21.fxg4 f3 22.Nd3 Qh4
23.Re4 f2+ 24.Kf1 Nf3 25.Qxf3 Rxf3 26.Nxe5 dxe5 27.Rxe5 Rxh3  0-1

[Event "Australian Open 2013"]
[Site "Cammeray AUS"]
[Date "2013.01.05"]
[Round "4.39"]
[White "Papp,Ale"]
[Black "Dickson,I"]
[Result "1-0"]
[WhiteElo "1926"]
[BlackElo "1790"]

1.d4 Nf6 2.c4 g6 3.Nc3 Bg7 4.e4 d6 5.Nf3 O-O 6.Be2 e5 7.O-O Nc6 8.d5 Ne7
9.Re1 Ne8 10.b4 f5 11.Ng5 h6 12.Ne6 Bxe6 13.dxe6 Qc8 14.Bf3 f4 15.Bg4 c6
16.Bb2 Qc7 17.f3 Nf6 18.Bh3 Rad8 19.Qb3 g5 20.Kh1 h5 21.Bf5 Nh7 22.c5 Kh8
23.cxd6 Rxd6 24.Rad1 Rfd8 25.b5 Rxd1 26.Rxd1 Nf8 27.Ba3 Bf6 28.h3 Kg7 29.bxc6 bxc6
30.Rxd8 Qxd8 31.Qb7 Qb6 32.Qa8 Qf2 33.Bc5 Qxc5 34.Qe8 Nxf5 35.Qf7+ Kh8 36.Qxf6+ Kg8
37.exf5 Qxc3 38.Qf7+ Kh8 39.Qxf8+ Kh7 40.Qf7+ Kh6 41.Qg6+  1-0

[Event "Australian Open 2013"]
[Site "Cammeray AUS"]
[Date "2013.01.05"]
[Round "4.2"]
[White "Zhao Zong Yuan"]
[Black "Brown,An"]
[Result "1/2-1/2"]
[WhiteElo "2537"]
[BlackElo "2261"]

1.d4 Nf6 2.c4 g6 3.Nc3 Bg7 4.e4 d6 5.Nf3 O-O 6.Be2 e5 7.O-O Nc6 8.d5 Ne7
9.Ne1 Nd7 10.Be3 f5 11.f3 f4 12.Bf2 g5 13.g4 Ng6 14.Nd3 h5 15.h3 Rf7 16.c5 Bf8
17.cxd6 cxd6 18.Nb5 hxg4 19.hxg4 a6 20.Na7 Rh7 21.Rc1 Nf6 22.Nxc8 Rxc8 23.Rxc8 Qxc8
24.Kg2 Nh4+ 25.Bxh4 Rxh4  1/2-1/2

[Event "XLII Rilton Cup"]
[Site "Stockholm SWE"]
[Date "2013.01.05"]
[Round "9.29"]
[White "Andersson,G2"]
[Black "Ask,J"]
[Result "0-1"]
[WhiteElo "2201"]
[BlackElo "2159"]

1.d4 Nf6 2.c4 g6 3.Nc3 Bg7 4.e4 d6 5.Nf3 O-O 6.Be2 e5 7.O-O Nc6 8.d5 Ne7
9.Ne1 Nd7 10.f3 f5 11.Be3 f4 12.Bf2 g5 13.Rc1 Ng6 14.Nb5 b6 15.b4 a6 16.Nc3 h5
17.Nd3 Nf6 18.h3 Rf7 19.c5 Rb8 20.cxd6 cxd6 21.a4 Bh6 22.Nb2 Rg7 23.Nc4 Nh8
24.a5 b5 25.Nb6 g4 26.Nxc8 Rxc8 27.Kh1 Qd7 28.h4 g3 29.Bb6 Ne8 30.Kg1 Qe7
31.Re1 Qxh4 32.Kf1 Qh1+ 33.Bg1 h4 34.Bxb5 axb5 35.Qd3 h3 36.gxh3 Qxh3+ 37.Ke2 Qg2+
38.Kd1 Rgc7 39.Rc2 Qh3 40.a6 Rc4 41.a7 Nc7 42.Qxc4 bxc4 43.b5 Qd7 44.Rb2 Na8
45.b6 Qb7 46.Ke2 Bg5 47.Reb1 Bd8 48.Nb5 Nf7 49.Nc7 Ng5 50.Bc5 dxc5 51.d6 Nxf3
52.d7 Qxe4+ 53.Kd1 Qe1+ 54.Kc2 Qd2+  0-1

[Event "11th Parsvnath Open"]
[Site "New Delhi IND"]
[Date "2013.01.06"]
[Round "3.25"]
[White "Swayams,M"]
[Black "Wang Doudou"]
[Result "0-1"]
[WhiteElo "2431"]
[BlackElo "2152"]

1.d4 Nf6 2.c4 g6 3.Nc3 Bg7 4.e4 d6 5.Nf3 O-O 6.Be2 e5 7.O-O Nc6 8.d5 Ne7
9.Ne1 Ne8 10.Be3 f5 11.f3 Kh8 12.c5 f4 13.Bf2 g5 14.Rc1 Ng8 15.a4 h5 16.Nb5 a6
17.Na3 Nh6 18.cxd6 cxd6 19.Nc4 g4 20.Kh1 Bf6 21.Bb6 Qe7 22.Bg1 Bd7 23.Nb6 Rd8
24.Nxd7 Qxd7 25.Bb6 Ra8 26.Rc3 Rg8 27.a5 Bh4 28.Qc1 Qe7 29.Rc8 Rxc8 30.Qxc8 Kh7
31.Nd3 Nf7 32.Qf5+ Kh6 33.fxg4 Ng7 34.Rxf4 Nxf5 35.Rxf5 hxg4 36.g3 Bf6 37.Nf2 Kg6
38.Bxg4 Nh6  0-1

[Event "25th Staufer Open"]
[Site "Schwaebisch Gmuend GER"]
[Date "2013.01.06"]
[Round "9.29"]
[White "Hebbering,Tom Elliot"]
[Black "Zikeli,S"]
[Result "0-1"]
[WhiteElo "1995"]
[BlackElo "2127"]

1.d4 Nf6 2.c4 g6 3.Nc3 Bg7 4.e4 d6 5.Nf3 O-O 6.Be2 e5 7.O-O Nc6 8.d5 Ne7
9.Ne1 Ne8 10.Be3 f5 11.f3 f4 12.Bf2 h5 13.c5 g5 14.Rc1 Rf6 15.Nb5 a6 16.Na3 Rg6
17.cxd6 cxd6 18.h3 g4 19.fxg4 hxg4 20.Bxg4 Bxg4 21.hxg4 Nf6 22.Qe2 Nxg4 23.Nf3 Rh6
24.Rc3 Qe8 25.Rfc1 Qh5 26.Kf1 Qh1+ 27.Ng1 Nh2+ 28.Ke1 Qxg2 29.Bb6 Qg6 30.Rc7 Bf6
31.Rxb7 f3 32.Qd3 Bh4+ 33.Kd1 f2 34.Bxf2 Bxf2 35.Rxe7 Qxg1+ 36.Kd2 Qg5+  0-1

[Event "Australian Open 2013"]
[Site "Cammeray AUS"]
[Date "2013.01.08"]
[Round "7.23"]
[White "Chmiel,R"]
[Black "Wang,O"]
[Result "0-1"]
[WhiteElo "1860"]
[BlackElo "2034"]

1.d4 Nf6 2.c4 g6 3.Nc3 Bg7 4.e4 O-O 5.Nf3 d6 6.Be2 Nc6 7.O-O e5 8.d5 Ne7
9.b4 Ne8 10.Ne1 f5 11.f3 Nf6 12.Nd3 f4 13.g4 g5 14.c5 Ng6 15.Ba3 Rf7 16.b5 h5
17.h3 hxg4 18.hxg4 Nh4 19.Na4 Nxg4 20.fxg4 f3 21.Rxf3 Nxf3+ 22.Bxf3 Qf6 23.Kg2 Bd7
24.c6 bxc6 25.bxc6 Bc8 26.Nab2 a5 27.Qe2 Ba6 28.Rf1 Raf8 29.Qe1 Qg6 30.Qxa5 Bc8
31.Qe1 Bxg4 32.Bxg4 Rxf1 33.Qxf1 Rxf1 34.Kxf1 Qxe4 35.Be6+ Kh7 36.Bxd6 Qf3+
37.Nf2 e4 38.Bg4 Qf6 39.Nc4 e3 40.Nxe3 Qxd6 41.Be6 Bd4 42.Nf5 Qf4 43.Nxd4 Qxd4
44.Kg2 Kg7 45.Ng4 Qf4 46.Nf2 Kf6 47.Ng4+ Ke7 48.Nf2 Kd6 49.a3 Ke7 50.Ng4 Qd2+
51.Kf3 Qd3+ 52.Kg2 Qxa3 53.Nf2 Qe3 54.Ng4 Qf4 55.Nf2 Kd6 56.Nh3 Qd4 57.Kg3 Ke5
58.Nf2 Qf4+ 59.Kg2 Kd4 60.Ng4 Kd3 61.Nf2+ Ke2 62.Bg4+ Ke3 63.Nd1+ Kd4 64.Nf2 Kxd5
65.Bf3+ Kd4 66.Nh3 Qh4 67.Nf2 Ke3 68.Ng4+ Kd3 69.Ne5+ Kd2 70.Ng4 Ke1 71.Nh2 Qf2+
72.Kh3 Kd2 73.Bg2 Qf4 74.Bf3 Ke3 75.Kg2 Qh4 76.Ng4+ Kf4 77.Nh2 Qg3+ 78.Kh1 Qxf3+
79.Nxf3 Kxf3 80.Kg1 Ke4 81.Kg2 Kd5  0-1

[Event "Australian Open 2013"]
[Site "Cammeray AUS"]
[Date "2013.01.11"]
[Round "9.47"]
[White "Ingham,Glenn"]
[Black "Dickson,I"]
[Result "1-0"]
[WhiteElo "1618"]
[BlackElo "1790"]

1.d4 Nf6 2.c4 g6 3.Nc3 Bg7 4.Nf3 O-O 5.e4 d6 6.Be2 e5 7.O-O Nc6 8.d5 Ne7
9.b4 Nh5 10.g3 f5 11.Ng5 Nf6 12.f3 c6 13.Be3 h6 14.Ne6 Bxe6 15.dxe6 Kh7 16.a4 Ne8
17.Qb3 Nc7 18.c5 d5 19.Nxd5 cxd5 20.exd5 Qxd5 21.Bc4 Qc6 22.Rad1 Rfd8 23.b5 Qe8
24.Rd6 Nc8 25.Rxd8 Qxd8 26.Rd1 Qf6 27.Rd7 Ne7 28.Rxc7 Rd8 29.Rxb7 e4 30.Rd7 Nc8
31.Bd4 Qxd4+ 32.Rxd4 Bxd4+ 33.Kg2 exf3+ 34.Qxf3 Bxc5 35.Qb7+ Ne7 36.a5 Rd4
37.Bb3 Rd3 38.Bc4 Rd4 39.Bf1 g5 40.b6 Rd2+ 41.Kh1 Rd1 42.Qf3 Ra1 43.b7  1-0

[Event "Australian Open 2013"]
[Site "Cammeray AUS"]
[Date "2013.01.13"]
[Round "11.25"]
[White "Wan,D"]
[Black "Wang,O"]
[Result "0-1"]
[WhiteElo "1803"]
[BlackElo "2034"]

1.d4 Nf6 2.c4 g6 3.Nc3 Bg7 4.e4 O-O 5.Nf3 d6 6.Be2 Nc6 7.O-O e5 8.d5 Ne7
9.b4 Nd7 10.Ba3 f5 11.c5 Nf6 12.Nd2 Rf7 13.Bc4 f4 14.Re1 g5 15.Bf1 Ng6 16.cxd6 cxd6
17.Nc4 Bf8 18.b5 g4 19.f3 Nh4 20.Nd2 Rg7 21.Kh1 gxf3 22.Nxf3 Ng4 23.Qd2 Qb6
24.Re2 Nxf3 25.gxf3 Ne3 26.Rxe3 fxe3 27.Qe2 Rg6 28.Bc1 Bh6 29.Nd1 Bd7 30.Bxe3 Bxe3
31.Nxe3 Bxb5 32.Qd2 Bxf1 33.Rxf1 Kh8 34.f4 exf4 35.Nf5 Re8 36.Qxf4 Reg8 37.Ng3 Qd4
38.Qf7 b5 39.Qb7 Rxg3 40.hxg3 Qxe4+  0-1

[Event "TCh-CZE Div1 Zapad 2012-13"]
[Site "Czech Republic CZE"]
[Date "2013.01.13"]
[Round "5.8"]
[White "Pilar,M"]
[Black "Janda,J"]
[Result "1/2-1/2"]
[WhiteElo "2252"]
[BlackElo "2192"]

1.d4 Nf6 2.Nf3 g6 3.c4 Bg7 4.Nc3 d6 5.e4 O-O 6.Be2 e5 7.O-O Nc6 8.Be3 Ng4
9.Bg5 f6 10.Bh4 g5 11.Bg3 Nh6 12.d5 Ne7 13.Nd2 Ng6 14.Rc1 f5 15.exf5 Nxf5
16.Nde4 Qe7 17.b4 a5 18.a3 axb4 19.axb4 Nf4 20.Bg4 Bd7 21.Bxf5 Bxf5 22.Qd2 h5
23.f3 Bh6 24.Bxf4 gxf4 25.Ra1 Kh8 26.Rxa8 Rxa8 27.Kh1 Rg8 28.Rg1 Bf8 29.Qf2 b6
30.Ra1 Rg7 31.Ra8 Rg8 32.Ra7 Rg7 33.Ra8 Rg8 34.h4 Bh6 35.Rxg8+ Kxg8 36.Kg1 Bg7
37.Kf1 Bf6 38.Nxf6+ Qxf6 39.Ne4 Qg6 40.Qc2 Kg7 41.Qa4 Bxe4 42.Qd7+ Kh6 43.fxe4 Qxe4
44.Qxc7 Qd3+ 45.Kg1 Qe3+ 46.Kf1  1/2-1/2

[Event "38th Seville Open"]
[Site "Seville ESP"]
[Date "2013.01.14"]
[Round "4.21"]
[White "Gonzalez Perez,A"]
[Black "Lopez Rodriguez,F"]
[Result "1-0"]
[WhiteElo "2474"]
[BlackElo "2065"]

1.d4 Nf6 2.c4 g6 3.Nc3 Bg7 4.e4 d6 5.Nf3 O-O 6.Be2 e5 7.O-O Nc6 8.d5 Ne7
9.b4 Nh5 10.c5 h6 11.Re1 f5 12.Qb3 Kh8 13.Bf1 f4 14.Qd1 Nf6 15.Bb2 g5 16.Nb5 Ng6
17.h3 Rf7 18.Rc1 Bf8 19.cxd6 cxd6 20.Qc2 Ne8 21.Red1 h5 22.h4 gxh4 23.Rd3 a6
24.Rc3 Bd7 25.Nc7 Ba4 26.Ne6 Bxc2 27.Nxd8 Rd7 28.R3xc2 Raxd8 29.Ng5 Bh6 30.Ne6 f3
31.Nxd8 Bxc1 32.Bxc1 Rxd8 33.gxf3 Kg7 34.Bh3 Kf6 35.Bc8 Ng7 36.a3 h3 37.Bxh3 Nh4
38.Rc3 Rg8 39.Kf1 Ne8 40.a4 Ng6 41.Rc8 Nf4 42.Bxf4 exf4 43.Bd7 Ke7 44.Bxe8 Rxe8
45.Rc7+ Kf6 46.Rxb7  1-0

[Event "Margaryan Mem 2013"]
[Site "Yerevan ARM"]
[Date "2013.01.14"]
[Round "7.1"]
[White "Gabuzyan,H"]
[Black "Babujian,L"]
[Result "1-0"]
[WhiteElo "2525"]
[BlackElo "2497"]

1.Nf3 Nf6 2.c4 g6 3.Nc3 Bg7 4.e4 O-O 5.d4 d6 6.Be2 e5 7.O-O Nc6 8.d5 Ne7
9.b4 a5 10.Ba3 axb4 11.Bxb4 Nd7 12.a4 Bh6 13.a5 f5 14.Nd2 Nf6 15.c5 Bxd2
16.Qxd2 fxe4 17.cxd6 cxd6 18.Nb5 Nf5 19.Rac1 Ne8 20.Bg4 Bd7 21.Bxf5 Bxf5
22.Rfe1 Qd7 23.Na3 Qf7 24.Nc4 Rd8 25.h3 Qf6 26.Rc3 h5 27.Ba3 Rd7 28.Ne3 Rdf7
29.Bc1 Bd7 30.Rb3 Bc8 31.Nc4 Rc7 32.Nb6 Bf5 33.Qg5 Qf7 34.Rg3 Rc2 35.Qxh5 Ra2
36.Nc4 Ng7 37.Qd1 Bd7 38.Be3 Nf5 39.Qb3 Ra4 40.Nb6 Nxg3 41.Nxa4 Nh5 42.Nc3 Bxh3
43.gxh3 Qf3 44.Qc4 Rf4 45.Qc8+ Kg7 46.Qd7+ Kg8 47.Ne2 Rf8 48.Kh2 Ng7 49.Ng3 Rf4
50.Rc1  1-0

[Event "PSC Cup 2013"]
[Site "Manila PHI"]
[Date "2013.01.17"]
[Round "5.1"]
[White "Laylo,D"]
[Black "Paragua,M"]
[Result "0-1"]
[WhiteElo "2491"]
[BlackElo "2519"]

1.d4 Nf6 2.c4 g6 3.Nc3 Bg7 4.e4 d6 5.Nf3 O-O 6.Be2 e5 7.O-O Nc6 8.d5 Ne7
9.Bd2 Nh5 10.Re1 Nf4 11.Bf1 h6 12.Bxf4 exf4 13.Qd2 g5 14.Nd4 Ng6 15.Rad1 Nh4
16.f3 Be5 17.Qf2 Qf6 18.Be2 Bd7 19.g3 fxg3 20.hxg3 Ng6 21.Bf1 h5 22.Nce2 Kg7
23.b3 Rh8 24.Rd3 Rh7 25.f4 gxf4 26.gxf4 Nxf4 27.Nxf4 Bxf4 28.Nf5+ Bxf5 29.Qxf4 Bg4
30.Qxf6+ Kxf6 31.Be2 Rg8 32.Bxg4 Rxg4+ 33.Kf2 Rf4+  0-1

[Event "TCh-LTU 2013"]
[Site "Vilnius LTU"]
[Date "2013.01.19"]
[Round "1.1"]
[White "Vaznonis,V"]
[Black "Martinkus,R"]
[Result "1-0"]
[WhiteElo "2394"]
[BlackElo "2203"]

1.d4 Nf6 2.Nf3 g6 3.c4 Bg7 4.Nc3 O-O 5.e4 d6 6.Be2 e5 7.O-O Nc6 8.d5 Ne7
9.Ne1 Nd7 10.Be3 f5 11.f3 f4 12.Bf2 g5 13.a4 Rf6 14.a5 Rh6 15.Nd3 Qe8 16.Be1 Qh5
17.h3 Nf6 18.Nf2 Qe8 19.c5 Nh5 20.Ng4 Ng3 21.Nxh6+ Bxh6 22.Bxg3 fxg3 23.Qe1 Ng6
24.cxd6 Bxh3 25.gxh3 g2 26.Kxg2 Nf4+ 27.Kh2 Kh8 28.dxc7 Qd7 29.Qg3 g4 30.Qxg4 Qxc7
31.Rg1 Ng6 32.Rg2 Rg8 33.Qe6 Qd8 34.Rag1 Be3 35.Rxg6 hxg6 36.Rxg6 Bf4+ 37.Kh1 Rxg6
38.Qxg6  1-0

[Event "6th Gora Sw Anny OpA"]
[Site "Gora Swietej Anny POL"]
[Date "2013.01.28"]
[Round "4.2"]
[White "Koziak,V"]
[Black "Dobrowolski,P"]
[Result "1-0"]
[WhiteElo "2504"]
[BlackElo "2417"]

1.d4 Nf6 2.c4 g6 3.Nc3 Bg7 4.e4 d6 5.Nf3 O-O 6.Be2 e5 7.O-O Nc6 8.d5 Ne7
9.Ne1 Nd7 10.Be3 f5 11.f3 f4 12.Bf2 g5 13.Nd3 Nf6 14.c5 Ng6 15.Rc1 Rf7 16.Nb5 g4
17.Qc2 g3 18.hxg3 fxg3 19.Bxg3 Nh5 20.Bf2 a6 21.Na3 Qg5 22.cxd6 Bh3 23.g4 cxd6
24.Nc4 Raf8 25.Qd2 Nhf4 26.Bg3 h5 27.Nxd6 Bxf1 28.Kxf1 hxg4 29.Nxf7 Rxf7
30.Rc8+ Bf8 31.Bxf4 Nxf4 32.Bd1 Qh5 33.Nxf4 Qh1+ 34.Kf2 g3+ 35.Kxg3 Rh7 36.Ne6 Qh4+
37.Kg2 Qh1+ 38.Kf2 Rh2+ 39.Ke3 Qg1+ 40.Kd3 Rxd2+ 41.Kxd2 Qf2+ 42.Be2 Qb6
43.Rxf8+ Kh7 44.f4 Qxb2+ 45.Ke3 exf4+ 46.Rxf4 Qxa2 47.Bd3 Qh2 48.e5+ Kh6
49.Rf6+ Kh5 50.Nf4+  1-0

[Event "6th Gora Sw Anny OpA"]
[Site "Gora Swietej Anny POL"]
[Date "2013.01.31"]
[Round "7.9"]
[White "Tabola,Marcin"]
[Black "Nurkiewicz,M"]
[Result "1/2-1/2"]
[WhiteElo "1967"]
[BlackElo "2395"]

1.d4 Nf6 2.c4 g6 3.Nc3 Bg7 4.e4 d6 5.Nf3 O-O 6.Be2 e5 7.O-O Nc6 8.d5 Ne7
9.b4 a5 10.Ba3 b6 11.bxa5 Nd7 12.Nb5 Rxa5 13.Bb4 Ra8 14.a4 Nc5 15.Nd2 f5
16.a5 Bh6 17.axb6 Rxa1 18.Qxa1 cxb6 19.Qa7 Bxd2 20.Bxd2 Ba6 21.Bg5 Rf7 22.exf5 Bxb5
23.fxg6 hxg6 24.cxb5 Qd7 25.Qxd7 Nxd7 26.Bg4 Nf5 27.Bd8 Rf8 28.Bxf5 Rxf5
29.Be7 e4 30.Rd1 Kf7 31.Bxd6 Nf6 32.Rd4 Rxd5 33.Rxd5 Nxd5 34.Be5 Ke6 35.Bd4 Kf5
36.Kf1 g5 37.h3 Nc7 38.g4+ Kg6 39.Ke2 Nxb5 40.Bxb6 Nc3+ 41.Kd2 Nd5 42.Be3 Kf6
43.Kc2 Nc7 44.Kc3 Ne6 45.Kc4 Ke5 46.Ba7 Kf4 47.Bb8+ Kf3 48.Kd5 Nf4+ 49.Bxf4 gxf4
50.g5 e3 51.fxe3 fxe3 52.g6 e2 53.g7 e1=Q 54.g8=Q Qd2+ 55.Kc5 Qc3+ 56.Kd6 Qd4+  1/2-1/2

[Event "Imperial College Open"]
[Site "London ENG"]
[Date "2013.02.02"]
[Round "3"]
[White "Taylor,Adam A"]
[Black "Porter,Sam J"]
[Result "1/2-1/2"]
[WhiteElo "1917"]
[BlackElo "1835"]

1.Nf3 Nf6 2.c4 g6 3.Nc3 Bg7 4.e4 O-O 5.d4 d6 6.Be2 e5 7.O-O Nc6 8.dxe5 dxe5
9.Qxd8 Rxd8 10.Bg5 Re8 11.Rfd1 h6 12.Bxf6 Bxf6 13.Nd5 Bd8 14.b4 Be6 15.Rab1 f5
16.b5 Nd4 17.Nxd4 exd4 18.Rxd4 c6 19.bxc6 bxc6 20.Nf4 Bf7 21.exf5 Bb6 22.Rd2 gxf5
23.Bf3 Rad8 24.Rc2 Bc7 25.Nh5 Re5 26.Ng3 f4 27.Ne4 Bg6 28.Re2 Rd4 29.Rbe1 Rxc4
30.h3 Kf7 31.Ng5+ hxg5 32.Rxe5 Bxe5 33.Rxe5 Rc1+ 34.Kh2 Kf6 35.Ra5 Rc2 36.Rxa7 Ke5
37.Rg7 Bf5 38.Rxg5 Kf6 39.Rg8 c5 40.Rf8+ Ke5 41.a4 Rxf2 42.Re8+ Kd6 43.Rd8+ Ke6
44.Rc8 Rc2 45.a5 Bd3 46.Rc6+ Kd7 47.a6 Ra2 48.Rxc5 Bxa6 49.Rf5 Ra4 50.h4 Ke6
51.Bg4 Ke7 52.h5 Re4 53.Bf3 Rd4 54.h6 Bd3 55.h7 Rd8 56.Rxf4 Bxh7 57.g4 Rf8
58.Kg3  1/2-1/2

[Event "ch-TUR 2013"]
[Site "Antalya TUR"]
[Date "2013.02.03"]
[Round "2.58"]
[White "Bas,D"]
[Black "Aykol,Can"]
[Result "1/2-1/2"]
[WhiteElo "1934"]
[BlackElo "1767"]

1.d4 Nf6 2.c4 g6 3.Nc3 Bg7 4.e4 d6 5.Nf3 O-O 6.Be2 e5 7.O-O Nc6 8.d5 Ne7
9.b4 Nh5 10.g3 f5 11.Nd2 Nf6 12.Bf3 h6 13.Re1 f4 14.c5 g5 15.a4 Bh3 16.Bg2 Qd7
17.f3 fxg3 18.hxg3 Nh5 19.Kh2 Bxg2 20.Kxg2 Ng6 21.Rh1 Nf6 22.Ra3 g4 23.Qe2 gxf3+
24.Nxf3 Ng4 25.Nd1 Rf7 26.Nh4 Ne7 27.Nf5 Nxf5 28.Qxg4 Nd4 29.Qxd7 Rxd7 30.Bxh6 Rf8
31.Bxg7 Kxg7 32.Rf1 Rxf1 33.Kxf1 Rf7+ 34.Kg2 Kg6 35.cxd6 cxd6 36.Rc3 Kg7
37.Ne3 b5 38.axb5 Nxb5 39.Rc6 Kf6 40.Nf5 Rd7 41.Rc8 Kf7 42.g4 Nd4 43.Rh8 Nxf5
44.gxf5 Kg7 45.Rb8 Kf6 46.Re8 Kg5 47.Re6 Kf4 48.f6 Kxe4 49.Re7 Rd8 50.f7 Rf8
51.Rxa7 Kxd5 52.b5 Kc5 53.Rb7 e4 54.Kf2 d5 55.Ke3 Ra8 56.Kf4 Rf8 57.Ke3 Rd8  1/2-1/2

[Event "ch-TUR 2013"]
[Site "Antalya TUR"]
[Date "2013.02.03"]
[Round "3.39"]
[White "Severcan,Sedat Sabri"]
[Black "Ilcin,Murat Veysi"]
[Result "1-0"]
[WhiteElo "1948"]
[BlackElo "1796"]

1.d4 Nf6 2.c4 g6 3.Nc3 Bg7 4.e4 d6 5.Nf3 O-O 6.Be2 e5 7.O-O Nc6 8.d5 Ne7
9.Ne1 Ne8 10.Nd3 f5 11.f3 f4 12.b4 Nf6 13.Ba3 a6 14.Rc1 g5 15.c5 h5 16.Nf2 Kh8
17.cxd6 cxd6 18.b5 Neg8 19.Bb4 Nh6 20.h3 Rg8 21.a4 Bf8 22.a5 g4 23.hxg4 hxg4
24.fxg4 Nfxg4 25.Nxg4 Bxg4 26.Bxg4 Nxg4 27.g3 Qg5 28.Rc2 Ne3 29.Rh2+ Bh6
30.Qe2 Nxf1 31.Kxf1 fxg3 32.Rh5 g2+ 33.Kg1 Qf6 34.Nd1 Kg7 35.Nf2 Kf7 36.Rf5 Qxf5
37.exf5 Bf4 38.Qh5+  1-0

[Event "Moscow Open A 2013"]
[Site "Moscow RUS"]
[Date "2013.02.03"]
[Round "2.5"]
[White "Ulko,J"]
[Black "Nyzhnyk,I"]
[Result "0-1"]
[WhiteElo "2442"]
[BlackElo "2637"]

1.Nf3 Nf6 2.c4 g6 3.Nc3 Bg7 4.e4 d6 5.d4 O-O 6.Be2 e5 7.O-O Nc6 8.d5 Ne7
9.b4 Ne8 10.c5 f5 11.Nd2 Nf6 12.f3 f4 13.a4 g5 14.a5 Ng6 15.a6 b6 16.cxd6 cxd6
17.Nb5 Rf7 18.Bb2 h5 19.Qc2 Ne8 20.Rfc1 Bf8 21.Qd1 Rg7 22.Ra3 Bd7 23.Rac3 Nh4
24.Nc7 Nxc7 25.Rxc7 g4 26.fxg4 hxg4 27.g3 f3 28.Bd3 Ng2 29.Nf1 Rh7 30.Rb7 Qf6
31.Rc3 Bh6 32.Bc1 Bxc1 33.Qxc1 f2+ 34.Kh1 Qf3 35.Qg5+ Rg7 36.Qxg7+ Kxg7 37.Rxd7+ Kg8
38.Be2 Qxe2 39.Kxg2 Qxe4+ 40.Kxf2 Qf5+  0-1

[Event "35th Georgi Tringov Open"]
[Site "Plovdiv BUL"]
[Date "2013.02.03"]
[Round "1.4"]
[White "Stavrev,Robert"]
[Black "Spasov,V"]
[Result "0-1"]
[WhiteElo "1827"]
[BlackElo "2567"]

1.d4 Nf6 2.c4 g6 3.Nc3 Bg7 4.Nf3 d6 5.e4 O-O 6.Be2 e5 7.O-O Nc6 8.d5 Ne7
9.b4 a5 10.Ba3 b6 11.bxa5 Nh5 12.Re1 f5 13.Ng5 Nf4 14.Bf1 h6 15.Ne6 Nxe6
16.dxe6 Rxa5 17.Bb4 Ra8 18.Nd5 Bxe6 19.Bd3 c5 20.Nxe7+ Qxe7 21.Bc3 Qf7 22.Qe2 fxe4
23.Qxe4 Bf5 24.Qe2 Bxd3 25.Qxd3 Ra3 26.Rec1 e4 27.Qd2 Rxc3  0-1

[Event "TCh-SWE Elite 2012-13"]
[Site "Sweden SWE"]
[Date "2013.02.03"]
[Round "4"]
[White "Berczes,D"]
[Black "Eriksson,Jor"]
[Result "1-0"]
[WhiteElo "2528"]
[BlackElo "2213"]

1.Nf3 g6 2.d4 Nf6 3.c4 Bg7 4.Nc3 d6 5.e4 O-O 6.Be2 e5 7.O-O Nc6 8.Be3 Ng4
9.Bg5 f6 10.Bh4 g5 11.Bg3 Nh6 12.dxe5 dxe5 13.Qb3 Kh8 14.Rad1 Qe8 15.Nd5 Qf7
16.c5 a5 17.a4 Rb8 18.Bc4 Be6 19.Ne3 Bxc4 20.Qxc4 Qxc4 21.Nxc4 Rfd8 22.Rd5 Rxd5
23.exd5 Nb4 24.Rd1 Rd8 25.d6 Nc6 26.Rd5 cxd6 27.cxd6 Nf5 28.d7 h6 29.Nb6 Kg8
30.Nd2 Nfe7 31.Rd3 f5 32.f3 Kf7 33.Ndc4 Nb4 34.Nd6+ Ke6 35.Nxb7 Nxd3 36.Nxd8+ Kf6
37.Nd5+ Nxd5 38.Nc6  1-0

[Event "Asian Zonal 3.2 w 2013"]
[Site "Thulhiriya City PHI"]
[Date "2013.02.03"]
[Round "2.3"]
[White "Kulatunga,Dinithi"]
[Black "Methmini,Nelunika"]
[Result "0-1"]
[WhiteElo "1528"]
[BlackElo "1585"]

1.d4 Nf6 2.c4 g6 3.Nc3 Bg7 4.e4 d6 5.Nf3 O-O 6.Be2 e5 7.O-O Nc6 8.d5 Ne7
9.b4 Ne8 10.c5 f5 11.Nd2 Nf6 12.Bf3 f4 13.a4 g5 14.h3 Ng6 15.Ba3 Rf7 16.Rc1 Bf8
17.cxd6 cxd6 18.Nc4 a6 19.b5 Rg7 20.bxa6 bxa6 21.a5 Nh4 22.Be2 g4 23.hxg4 Bxg4
24.Bxg4 Rxg4 25.g3 fxg3 26.f3 Rg6 27.Bb4 Qd7 28.Rc2 Qh3 29.Bxd6 g2 30.Re1 Nxf3+
31.Kf2 Ng4+ 32.Ke2 Nd4+ 33.Kd2 Bh6+ 34.Ne3 Bxe3+ 35.Rxe3 Qxe3+  0-1

[Event "Moscow Open F 2013"]
[Site "Moscow RUS"]
[Date "2013.02.04"]
[Round "3.4"]
[White "Belous,V"]
[Black "Stukopin,A"]
[Result "1/2-1/2"]
[WhiteElo "2553"]
[BlackElo "2495"]

1.d4 Nf6 2.c4 g6 3.Nc3 Bg7 4.e4 d6 5.Nf3 O-O 6.Be2 e5 7.O-O Nc6 8.d5 Ne7
9.Ne1 Ne8 10.Be3 f5 11.f3 f4 12.Bf2 g5 13.c5 dxc5 14.Bxc5 Nd6 15.Rc1 b6 16.Bf2 Bd7
17.a4 Be8 18.Ba6 Kh8 19.Qe2 Ng6 20.Nd3 Qe7 21.Nb5 Nxb5 22.axb5 Rd8 23.Rc3 Rf7
24.Rfc1 Bf8 25.Qc2 Kg8 26.Rxc7 Qxc7 27.Qxc7 Rxc7 28.Rxc7 Rd7 29.Rc8 Kf7 30.Be1 h5
31.Bc3 Bd6 32.Nb4 g4 33.Nc6 g3 34.h3 Kf8 35.Kf1 Rh7 36.Ra8 Rc7 37.Rxa7 Bxc6
38.Rxc7 Bxb5+ 39.Bxb5 Bxc7 40.Bb4+ Kf7 41.d6 Bd8 42.Bc4+ Ke8 43.Ke2 Nh4 44.Be6 Bf6
45.Kf1 Bg7 46.d7+ Kd8 47.Bf7 Kxd7 48.Bxh5 Bf6 49.Bf7 Kc6 50.Be8+ Kc7 51.Bf7 Kc6  1/2-1/2

[Event "35th Georgi Tringov Open"]
[Site "Plovdiv BUL"]
[Date "2013.02.05"]
[Round "3.1"]
[White "Cheparinov,I"]
[Black "Galunov,T"]
[Result "1-0"]
[WhiteElo "2709"]
[BlackElo "2320"]

1.d4 Nf6 2.c4 g6 3.Nc3 Bg7 4.e4 d6 5.Nf3 O-O 6.Be2 e5 7.O-O Nc6 8.d5 Ne7
9.b4 Nd7 10.a4 a5 11.Ba3 axb4 12.Bxb4 Nc5 13.Nd2 f5 14.a5 Na6 15.Ba3 c5 16.dxc6 bxc6
17.Nb3 c5 18.Nb5 fxe4 19.Nxd6 Bf5 20.Nxc5 Nxc5 21.Bxc5 Rxa5 22.Nxf5 Rxa1
23.Nxe7+  1-0

[Event "Asian Zonal 3.2 2013"]
[Site "Thulhiriya City PHI"]
[Date "2013.02.05"]
[Round "5.5"]
[White "Gunaratne,Mojitha Sathsara"]
[Black "Weeramantry,S SRI"]
[Result "1-0"]
[WhiteElo "1700"]
[BlackElo "2118"]

1.d4 Nf6 2.c4 g6 3.Nc3 Bg7 4.e4 d6 5.Nf3 O-O 6.Be2 e5 7.O-O Nc6 8.d5 Ne7
9.b4 Nh5 10.g3 f5 11.Ng5 Nf6 12.Bf3 Kh8 13.Rb1 Neg8 14.Qc2 Qe7 15.Ne6 Bxe6
16.dxe6 fxe4 17.Nxe4 Nxe4 18.Bxe4 c6 19.b5 Qxe6 20.bxc6 bxc6 21.Bxc6 Rac8
22.Qe4 Nf6 23.Bd5 Qh3 24.Qg2 Qf5 25.Be3 e4 26.Rb5 a6 27.Rb6 Nxd5 28.cxd5 Qxd5
29.Rxa6 Ra8 30.Rxa8 Rxa8 31.Rb1 h6 32.Rb4 Re8 33.a4 Qa5 34.Bd2 Qe5 35.Qf1 d5
36.Qb5 Rf8 37.a5 Qa1+ 38.Rb1 Qa2 39.Rd1 Bd4 40.Qb4 Bxf2+ 41.Kh1 Rf7 42.Rf1 e3
43.Bc3+ Kg8  1-0

[Event "ch-TUR 2013"]
[Site "Antalya TUR"]
[Date "2013.02.06"]
[Round "7.16"]
[White "Demircioglu,E"]
[Black "Gokerkan,Cem Kaan"]
[Result "1-0"]
[WhiteElo "2101"]
[BlackElo "1908"]

1.d4 Nf6 2.c4 g6 3.Nc3 Bg7 4.e4 d6 5.Be2 O-O 6.Nf3 e5 7.O-O Nc6 8.d5 Ne7
9.b4 Ne8 10.c5 f5 11.Ng5 Nf6 12.f3 f4 13.Bc4 h5 14.a4 Bh6 15.Ne6 Bxe6 16.dxe6 Kh8
17.Ba3 dxc5 18.bxc5 Qc8 19.Rb1 Nc6 20.Rf2 Rd8 21.Rd2 Rd4 22.Rxd4 Nxd4 23.Nb5 Nc6
24.Qd2 Bf8 25.Qb2 Rb8 26.Bd5 Bg7 27.Nc3 Nd4 28.c6 b6 29.Qa2 Qe8 30.Nb5 Nxb5
31.axb5 Bf8 32.Bb2 Bg7 33.Bxe5 Qe7 34.Qxa7 Rd8 35.Qxc7 Qc5+ 36.Kh1 Re8 37.Qf7 Re7
38.Qxg6 Qc2 39.Rg1 Nxd5 40.Bxg7+ Rxg7 41.Qxh5+ Rh7 42.Qe5+ Kg8 43.Qxd5 Qc3
44.e7+ Kg7 45.e8=Q Qf6 46.Qee5  1-0

[Event "ch-TUR 2013"]
[Site "Antalya TUR"]
[Date "2013.02.06"]
[Round "7.25"]
[White "Demir,G"]
[Black "Menzi,N"]
[Result "1/2-1/2"]
[WhiteElo "2231"]
[BlackElo "1872"]

1.d4 Nf6 2.c4 g6 3.Nc3 Bg7 4.e4 d6 5.Nf3 O-O 6.Be2 e5 7.O-O Nc6 8.d5 Ne7
9.Ne1 Nd7 10.Nd3 f5 11.Bd2 Nf6 12.f3 f4 13.b4 g5 14.c5 h5 15.Nf2 Ng6 16.a4 Rf7
17.c6 b6 18.a5 Rb8 19.axb6 axb6 20.b5 Bh6 21.Ra3 Rg7 22.Na2 Nh4 23.Nb4 g4
24.fxg4 Nxg4 25.Nxg4 Bxg4 26.Bxg4 Rxg4 27.g3 Kh7 28.Kh1 Ng6 29.Na6 Rc8 30.Rg1 fxg3
31.Raxg3 Rxg3 32.hxg3 Bxd2 33.Qxd2 h4 34.Qe2 Qg5 35.gxh4 Qxh4+ 36.Qh2 Qxh2+
37.Kxh2 Kg7 38.Kg3 Kf6 39.Rh1 Kg7 40.Kg4 Nf4 41.Kg5 Ne2 42.Rh6 Nc3 43.Rg6+ Kf7
44.Rf6+ Kg7 45.Rg6+ Kf7 46.Rf6+ Kg7  1/2-1/2

[Event "ch-TUR 2013"]
[Site "Antalya TUR"]
[Date "2013.02.06"]
[Round "7.75"]
[White "Doner,Mustafa"]
[Black "Yildiz,Huseyin Ertugrul"]
[Result "0-1"]
[WhiteElo "1698"]
[BlackElo "1868"]

1.d4 Nf6 2.c4 d6 3.Nc3 g6 4.e4 Bg7 5.Nf3 O-O 6.Be2 e5 7.O-O Nc6 8.d5 Ne7
9.Ne1 Nd7 10.Nd3 f5 11.f3 f4 12.Bd2 g5 13.b4 Ng6 14.c5 Nf6 15.Qc2 h5 16.cxd6 cxd6
17.Nb5 Rf7 18.Rfc1 Ne8 19.Nf2 g4 20.Be1 g3 21.Nh3 Bh6 22.a4 Bxh3 23.gxh3 Rg7
24.Kh1 Qd7 25.Bf1 Nh4 26.Bg2 a6 27.Na3 Nf6 28.Nc4 Rc8 29.Nxe5 Rxc2 30.Nxd7 Rxg2
31.Nxf6+ Kf7 32.Ra3 Rxh2+ 33.Kg1 Kxf6 34.Bc3+ Kg6 35.Bxg7 Bxg7 36.Rd1 Rxh3
37.Rad3 Rh2 38.b5 axb5 39.axb5 Rf2 40.Rf1 Rb2 41.e5 Bxe5 42.Re1 Bd4+  0-1